Normal view MARC view

Entry Nombre personal

Number of records used in: 3

001 - NÚMERO DE CONTROL

  • campo de control: 235164

003 - IDENTIFICADOR DE NÚMERO DE CONTROL

  • campo de control: SpMaBN

005 - FECHA Y HORA DE LA ÚLTIMA TRANSACCIÓN

  • campo de control: 20240216172445.0

008 - ELEMENTOS DE DATO DE LONGITUD-FIJA

  • campo de control de longitud fija: 110225n azznnaabn a aaa ##

024 7# - IDENTIFICADOR DE OTROS ESTÁNDARES

  • Número estándar o código: http://www.wikidata.org/entity/Q5942856
  • Fuente: wikidata

024 7# - IDENTIFICADOR DE OTROS ESTÁNDARES

  • Número estándar o código: http://viaf.org/viaf/167820597/
  • Fuente: viaf

024 7# - IDENTIFICADOR DE OTROS ESTÁNDARES

  • Número estándar o código: https://isni.org/isni/0000000113255879
  • Fuente: isni

040 ## - FUENTE DE CATALOGACIÓN

  • Centro catalogador/agencia de origen: SpMaBN
  • Lengua de catalogación: spa
  • Centro/agencia transcriptor: SpMaBN
  • Normas de descripción: rdc
  • Convención/Normas de encabezamiento de materia/tesauro: embne

046 ## - FECHAS CON CODIFICACIÓN ESPECIAL

  • Fecha de nacimiento: 1896
  • Fecha de la muerte: 1967

100 1# - ENCABEZAMIENTO-NOMBRE DE PERSONA

  • Nombre de persona: Díaz Casariego, José,
  • Fechas asociadas al nombre: 1896-1967

370 ## - LUGAR ASOCIADO

  • Lugar de nacimiento: Madrid
  • Número de control del registro de autoridad o número normalizado: XX450543
  • Fuente de información: Wikidata

372 ## - CAMPO DE ACTIVIDAD

  • Campo de actividad: Fotoperiodismo
  • Fuente de información: Wikidata

374 ## - OCUPACIÓN

  • Ocupación: Fotógrafos
  • Fuente de información: Wikidata

375 ## - GÉNERO/SEXO

  • Género: Masculino
  • Fuente de información: Wikidata

377 ## - IDIOMA ASOCIADO

  • Término de lengua/lenguaje: Español

410 2# - TRAZADO DE VÉASE--NOMBRE DE ENTIDAD CORPORATIVA

  • Nombre de entidad corporativa o nombre de jurisdicción como elemento de entrada: Foto Díaz Casariego

670 ## - FUENTE DE DATOS ENCONTRADOS

  • Cita de la fuente: Fondo fotográfico de la Guerra Civil española
  • Información encontrada: GC-Caja/57/17/11 (Sello en tinta al verso: "FOTOGRAFÍA / DIAZ CASARIEGO") ; GC-Caja/58/7/29 (Sello en tinta al verso: "FOT DIAZ CASARIEGO / Reportajes Gráficos / 8, Olivar, 8 / Teléfono 18.714 / MADRID")

670 ## - FUENTE DE DATOS ENCONTRADOS

  • Cita de la fuente: Sánchez Vigil, J.M. Del daguerrotipo a la Instamatic, 2007
  • Información encontrada: (1896-1967, fotoperiodista español. En 1914 comenzó a trabajar para Prensa Española y en 1915 es nombrado fotógrafo oficial de la revista La Esfera. Colaborador de ls principales publicaciones periódicas durante el primer tercio del siglo. XX. Recibió numerosos premios. Tras la Guerra Civil fue depurado)

670 ## - FUENTE DE DATOS ENCONTRADOS

  • Cita de la fuente: La Esfera (Madrid 1914)
  • Información encontrada: año XI, nº 535 (5 de abril de 1914), p. 1 (En un anuncio publicitario: "DÍAZ/FOTOGRAFÍA/:: DE ARTE ::/Fernando VI, 5. - Madrid")

670 ## - FUENTE DE DATOS ENCONTRADOS

  • Cita de la fuente: La Ilustración Española y Americana, 1869-1921
  • Información encontrada: año LV, n.8 (28 feb. 1911), p. 122 (Gonzalo Castillo y Negrete, agregado de la embajada especial de Méjico en Madrid)